000 00710cab a2200241 4500
001 ABS58965
008 090401t1998 xxu||||| |||| 00| 0 eng d
035 _a(Sirsi) u87067
041 _aeng
245 _aIntelligent means for route planning
260 _c1998
350 _a0
490 _aHighways & Transportation
_v45(06) June 1998, 23-24(2)
520 _aDiscusses the Web-based on-line city guide for Cambridge, containing digital maps of the city that can interact with non-geographic data.
650 _aCAMBRIDGE
650 _aCITY GUIDE
650 _aDIGITAL MAPS
650 _aGIS
650 _aONLINE
690 _aTRANSPORT AND COMMUNICATION
942 _n0
948 _c29/06/1998
999 _c54863
_d54863